Quizzes
Events
Quiz Creation
Community
Videos
Private Events
Remove Ads
Sign In
Join for FREE
Feedback
Dark Mode
Quiz Categories
Sports
Geography
Music
Movies
Television
Just For Fun
Miscellaneous
History
Literature
Language
Science
Gaming
Entertainment
Religion
Holiday
For Kids
Quiz Lab
Recent
Popular Today
Quiz Kudos Today
Editor Picks
Curator Picks
Quizzes by...
Day
Popularity
Type
Ratings
Length
Year
Community
Subscriptions
Recent Discussions
Orange Saloon
Badges
Playlists
Quests
Create
Leaderboards
Showdown
Live 5
Trivia Bingo
Activity
Puzzle Library
Sporcle Events
Private Events
Virtual Trivia
Globe League
Become a Host
Pub Owners
SporcleCon
Opinionation
Our Games
Videos
Blog
Mobile Apps
Partnerships
Remove Ads and Go Orange
Feedback
Music
Pop Music
The Beatles
Song
Album
Lyrics
Bands
Singers
Artist
Clip
Rock
Rap
Classical
Billboard
Country Music
Kpop
Taylor Swift
Music
Pop Music
The Beatles
Song
Album
Lyrics
Bands
Singers
Artist
Clip
Rock
Rap
Classical
Billboard
Country Music
Kpop
Taylor Swift
Random Quiz
Search Sporcle
×
Quiz Lab
Quiz Lab
Music
Show
Type in answers that appear in a list
Type in answers that appear in a list
Classic
Best Score? Go Orange.
Awesome Broadway Quiz Stats
Can you name the Broadway Show??
By
frenchy0506
15m
40 Questions
186 Plays
186 Plays
186 Plays
Comments
Comments
Give Quiz Kudos
Give Quiz Kudos
-
- Ratings
hide this ad
Replay
Link that replays current quiz
Next Quiz
Link to next quiz in quiz playlist
You Got
0%
They Got
Avg Score
31%
Avg Friend Score
Upgrade to see
Score Distribution
Jump to the score distribution portion of the page
Score
0/40
Timer
15:00
0
Plays Today
Lyric
Title of Show
% Correct
'it's a privilege to pee!'
Urinetown
78.5%
'Everything's comin up Rose!'
Gypsy
70.4%
'hands touch...'
Wicked
66.1%
'there's a nightly brawl'
Chicago
65.1%
'I cook like Betty Crocker!'
Little Shop of Horrors
54.8%
'You want to shoot a president!'
Assassins
50.5%
'Do you love me?'
Fiddler on the Roof
46.8%
'safe at home with our beautiful prize.'
Into the Woods
43.5%
'Puttin on the Ritz!'
Young Frankenstein
42.5%
'nicely passing out the whiskey...'
Guys and Dolls
41.9%
'If you order now, we'll also throw in a set of steak knives!'
The Book of Mormon
39.2%
'I don't think I can stand anymore
Les Miserables
38.2%
'alms, alms'
Sweeney Todd
37.6%
'Be Italian'
Nine
37.6%
'Give me fat boy's famous arrow!'
Thoroughly Modern Millie
37.1%
'Your lifelong membership is free!'
How to Succeed in Business without Really Trying
34.4%
'You are the salt of the earth'
Godspell
32.3%
'silly gigolos'
Anything Goes
32.3%
'I feel big'
Big: The Musical
31.2%
'phone rings, door chimes'
Company
31.2%
Lyric
Title of Show
% Correct
'We say to hell with Great Britain'
1776
27.4%
'Curtis was supposed to love me!'
Dreamgirls
26.3%
'we were listing. we were drinking...'
The Producers
25.3%
We were born to boogie!'
Billy Elliot:The Musical
25.3%
'Morals tomorrow!'
A Funny Thing Happened on the way to the Forum
22.6%
'let's run away to Atlantic City'
Ragtime
22%
'that's fine! Not like it's even worth the time!'
Spring Awakening
21%
'First, we got to turn you around'
Footloose
19.4%
'then again, we would be foolish not to quit while we're ahead.'
Evita
18.3%
''Ruff! Ruff' The day has been 'Ruff''
Sunday in the Park with George
16.1%
'We're born every night at half hour call'
Curtains
16.1%
'That woman is me!'
Follies
15.6%
'I had a house while you were gone'
Songs for a New World
15.6%
'How ya doin? Hello! I'll be runnin the show!'
Seussical
14.5%
'and from the way that I feel when that bell starts to peel'
Brigadoon
13.4%
'and live and love as hard as you know how!'
La Cage aux Folles
12.4%
'It's all about the green'
The Wedding Singer
8.6%
'how it will astound you!'
On a Clear Day, You Can See Forever
6.5%
'My heart's in a pickle! It's constantly fickle!'
Finian's Rainbow
4.8%
'And you can take your Sante Fe'
The Scottsboro Boys
2.2%
Quiz Playlist
Details
Report
Send in Message
Add To Playlist
Classic:
Type in answers that appear in a list
Last Updated: Feb 16, 2017
Quiz Scoreboard
CHALLENGE
Sign Up to Join the Scoreboard
Show All
Scores
Hide
Comments
May contain spoilers
Recently Published
College Basketball Coaching Resumes
by pancakes188
Sports
9m
Billboard Blitz: Fleetwood Mac
by CooCooCachoo
Music
15s
Presidents Visiting Landmarks
by Hejman
History
7m
More to Explore
Quiz From the Vault
Featured Blog Post
Where Did the Easter Bunny Come From?
hide this ad
You Might Also Like...
Tags
Broadway Quiz
Show Quiz
Today's Top Quizzes in Music
Browse Music
hide this ad
Today's Top Quizzes in Show
Browse Show
Top Contributed Quizzes in Music
1
Taylor Swift All Songs (2024)
2
7-to-1: Billboard Hot 100 #1 Hits of 2010s
3
Guess the Artist- 70s Songs
4
Sorting Albums and Songs
5
Taylor Swift Logic Puzzle
6
KPOP LOGIC QUIZ
7
Guess the Taylor Swift song (Mystery Song)
8
2010s Album by Cover III
9
One Thing in Common: Music
10
Guess The Taylor Swift Lyrics Song #1
Explore More
Trending Topics
NBA
Anime
Harry Potter
Kpop
Marvel
Disney
Crossword
The Office
WWE
Soccer
Song
NFL
Pokémon
Country
Puzzle
hide this ad
More By:
frenchy0506
Quiz
Plays
Rating
Category
Featured
Created
Awesome Broadway Quiz
186
3.00
Music
Oct 15, 2011
Go to Creator's Profile
Score Distribution
Quiz Creator Spotlight
frenchy0506
Follow
Send a Message
Quizzes Created
-
Created Quiz Play Count
-
More By This Creator
Popular Quizzes Today
1
Find the US States - No Outlines Minefield
2
Find the Countries of Europe - No Outlines Minefield
3
The Countries of the World
4
Find the US States
5
Risky Map Clicking: Biggest States A-Z
6
US States
7
Popular People in 1961
8
Movies - When Are They Set?
More Music Quizzes
Kanye West Follow God lyrics
Quiz Lab
Trending Quizzes
Risky Map Clicking: Least Populous States A-Z
1-10 Letter G Words
1-10 Letter F Words
Risky Map Clicking: Next State Alphabetically
Risky Map Clicking: Biggest States A-Z
Recently Updated
Leaping Animals
pecheneg
Reality TV Shows (A-Z)
bhenderson79
Rickey Henderson's Hall of Fame Teammates
pecheneg
Champions League XIs: Arsenal
pecheneg
Quick Pick: Celebrities in WWE's Hall of Fame
aduchscher
A-Z Keypad Blitz II
pecheneg
Multiple Oscar Actors
pecheneg
Mystery Phrase Blitz: Oscar 'Best Actors'
pecheneg
F. Scott Fitzgerald Novels
LTH
Pick 3 Villains
ddd62291
Trending Topics
Kpop
Marvel
Harry Potter
Disney
Anime
NBA
Crossword
Soccer
Pokémon
NFL
Puzzle
WWE
The Office
Country
Song
Your Account Isn't Verified!
In order to create a playlist on Sporcle, you need to verify the email address you used during registration. Go to your
Sporcle Settings
to finish the process.
Report this User
Report this user for behavior that violates our
Community Guidelines
.
Details:
Send Report
Go to the Sporcle.com Mobile Site →
Comments